| 000 | 00445nam a2200169 a 4500 | ||
|---|---|---|---|
| 001 | 5931 | ||
| 003 | CDMR | ||
| 005 | 20130425171405.0 | ||
| 008 | 130220s2007||||||||||||||||||||||||||||d | ||
| 040 |
_aCDMR _bcat _cCDMR |
||
| 100 | 1 |
_aPernau, Josep _9544 |
|
| 245 | 1 | 0 |
_aHumor de combate _b: cómo sobrevivir a las dictaduras _cJosep Pernau |
| 260 |
_aMadrid _bRoca _c2007 |
||
| 300 |
_a191 p ; _c17 cm |
||
| 630 | _aRecull d'articles | ||
| 942 |
_cMON _2udc |
||
| 999 |
_c5931 _d5931 |
||